• 首页
  • 本馆介绍
  • 公告通知
  • 最新文献
  • 馆藏检索
  • 电子资源
  • 读者导购
  • 参考咨询
  • 我的图书馆
  • 登录
  • 详细信息显示
  • 放入我的书架
  • 预约/预借图书
  • 作者相关作品
  • 分类相关作品
  • 丛书相关作品
  • 出版社相关作品

书目信息

  • 表格格式
  • 工作单格式
  • 卡片格式
题名:
拒俄运动
    
 
作者: 杨天石 , 王学庄 编
分册:  
出版信息: 北京   中国社会科学出版社  1979
页数: 352页
开本: 19cm
丛书名: 中华民国史资料丛稿
单 册:
中图分类: K257.21
科图分类:
主题词: 抗俄拒法运动(1900~1905)--史料
电子资源:
ISBN:
000 00737nam2 2200253 45
001 0179007576
005 20060818103300.79
010    @dCNY1.10
091    @a11190.005
100    @a19950726d1979 em y0chiy0121 ea
101 0  @achi
102    @aCN@b110000
105    @ay z 000yy
200 10 @a拒俄运动@Aju e yun dong@e1901-1905@f杨天石,王学庄编@Fyang tian shi,wang xue zhuang bian
210    @a北京@c中国社会科学出版社@d1979
215    @a352页@d19cm
225 2  @a中华民国史资料丛稿
410  0 @120010@a中华民国史资料丛稿
606    @a抗俄拒法运动(1900~1905)@x史料
690    @aK257.21@v4
701  0 @a杨天石@Ayang tian shi@4编
701  0 @a王学庄@Awang xue zhuang@4编
801  0 @aCN@bNLC@c20060818
905    @dK257.21@e11
    
    拒俄运动:1901-1905/杨天石,王学庄编.-北京:中国社会科学出版社,1979
    352页;19cm.-(中华民国史资料丛稿)
    
    
    ISBN :CNY1.10
    
●
相关链接 在E读中查询图书 在五车中查询图书 在当当中查询图书 在豆瓣中查询图书


正题名:拒俄运动     索取号:K257.21/11         预约/预借

序号 登录号 条形码 馆藏地/架位号 状态 备注
1 0061629   202225341   密集书库/ [索取号:K257.21/11] 在馆    
2 0061630   001534735   密集书库/ [索取号:K257.21/11] 在馆    
3 0061631   001534691   密集书库/ [索取号:K257.21/11] 在馆    
4 0061632   001293353   第二样本阅览室/ [索取号:K257.21/11] 在馆    
5 0061633   001293335   第二借阅区/ [索取号:K257.21/11] 在馆    
6 0061634   001293344   第二借阅区/ [索取号:K257.21/11] 在馆    
7 0061635   001900651   密集书库/ [索取号:K257.21/11] 在馆    
8 0061636   202151991   密集书库/ [索取号:K257.21/11] 在馆    
9 0466500   204665004   密集书库/ [索取号:K257.21/11] 在馆    
唐山师范学院图书馆 欢迎您!
大连网信软件有限公司© 版权所有